01399cam a2200325 i 45000010005000000030006000050050017000110080041000280100017000690200025000860200026001110400028001370420008001650430012001730500023001850820017002081000015002252450078002402640040003183000023003583360021003813370025004023380023004275000093004505040067005435200258006106500039008686510052009078560114009592947FISKH20240125083000.0140318s2014 mau b 001 0 eng  a 2014010674 a9781857886160 (pbk.) z9781857889178 (ebook) aDLCbengcDLCerdadDLC apcc ae-uk-en00aDA566.4b.F67 201400a390.09412231 aFox, Kate.10aWatching the English :bthe hidden rules of English behavior /cKate Fox. 1aLondon :bHodder & Stoughton,c2014 a583 pages ;c20 cm atext2rdacontent aunmediated2rdamedia avolume2rdacarrier aPublished in Great Britain in 2014 by Hodder & Stoughton, a division of Hodder Headline. aIncludes bibliographical references (pages 569-570) and index. aWatching the English: The Hidden Rules of English Behaviour is a 2004 international bestseller by Kate Fox, a leading social anthropologist.[1][2] The book examines "typical" English behaviour. The book was first published in 2004, and updated in 2014. 0aNational characteristics, English. 0aEnglandxSocial life and customsy21st century. yhttps://www.telegraph.co.uk/culture/books/10779447/The-more-the-English-change-the-more-we-stay-the-same.html